|
|
|
|
| LEADER |
00000nab a2200000 a 4500 |
| 001 |
vtls000572736 |
| 003 |
SK-MaSNL |
| 005 |
20260303013517.0 |
| 008 |
150501c1996 xo 0 slo |
| 015 |
|
|
|a SNBRB19rr/mm-uuuuu
|
| 035 |
|
|
|a CL0572874
|
| 040 |
|
|
|a SNKBUCL
|b slo
|c SNKBUCL
|e AACR2
|
| 041 |
0 |
|
|a slo
|
| 044 |
|
|
|a xo
|c SK
|
| 080 |
|
|
|a 796.322.093.1
|2 1981
|
| 100 |
1 |
|
|a Radolská, Monika
|4 aut
|9 900040
|
| 245 |
1 |
0 |
|a Naďalej s nulou na konte
|b 23. ročník turnaja hádzanárok O štít mesta Cheb: Slovensko-Poľsko 19:29 (6:13)
|c Monika Radolská
|
| 650 |
0 |
7 |
|a hádzaná
|2 snkbucl
|9 3292
|
| 650 |
0 |
7 |
|a O štít mesta Cheb 1996
|2 snkbucl
|9 994262
|
| 655 |
|
7 |
|a články z novín a časopisov
|2 snkbucl
|9 267496
|
| 773 |
0 |
|
|t Šport
|g Roč. 50, č. 22 (27. 1. 1996), s. 6
|
| 850 |
|
|
|a Slovenská národná knižnica v Martine
|a MTA001
|
| 852 |
|
|
|a SNK
|b KIS3GCP
|
| 958 |
|
|
|a RK
|
| 958 |
|
|
|a PL
|
| 992 |
|
|
|a RBX
|
| 999 |
|
|
|c 1603021
|d 1604951
|